Kobiety kandydujące na prezydenta w III RP - Statystyki

Ogólne statystyki
  • Ten quiz został rozwiązany 125 razy
  • Średni wynik to 2 z 4
Statystyki odpowiedzi
rok partia wspierająca wynik Odpowiedź % Poprawnych
2020 KO wybory nieodbyte Małgorzata Kidawa-Błońska
96%
2015 SLD 2,38 % Magdalena Ogórek
92%
1995 m.in. ZLC, ZP, PK, KK 2,76 % Hanna Gronkiewicz-Waltz
26%
2005 PD - demokraci.pl 1,26 % Henryka Bochniarz
13%
Nie znaleziono quizów pasujących do podanych kryteriów
Rozkład punktacji
Procent ludzi z każdym wynikiem
Percentyl według liczby udzielonych odpowiedzi
Twoja historia wyników
Nie rozwiązałeś tego quizu